|
|
|
|
| LEADER |
02413nam a2200373 a 4500 |
| 001 |
35238 |
| 003 |
BD-DhAAL |
| 005 |
20211201132256.0 |
| 008 |
190904t2006 caua b 001 0 eng |
| 999 |
|
|
|c 41093
|d 41093
|
| 010 |
|
|
|a 2005938891
|
| 020 |
|
|
|a 1412921066 (cloth : alk. paper)
|
| 020 |
|
|
|a 1412921074 (soft : alk. paper)
|
| 040 |
|
|
|a DLC
|c DLC
|d DLC
|d BD-DhAAL
|
| 043 |
|
|
|a e-uk---
|
| 050 |
0 |
0 |
|a HV751.A6
|b C662 2006
|
| 082 |
0 |
0 |
|a 362.710941
|2 22
|
| 245 |
0 |
0 |
|a Contemporary issues in the early years /
|c edited by Gillian Pugh and Bernadette Duffy.
|
| 250 |
|
|
|a 4th edition
|
| 260 |
|
|
|a Thousand Oaks, CA :
|b Sage Publications/PCP,
|c 2006.
|
| 300 |
|
|
|a x, 214 pages :
|b illustrations ;
|c 23 cm.
|
| 500 |
|
|
|a Previous edition: 2001
|
| 504 |
|
|
|a Includes bibliographical references (p. 195-206) and index.
|
| 505 |
|
|
|a 1 The policy agenda for early childhood services / Gillian Pugh --
2 Joined up working --
the development of children's services / David Hawker --
3 The world picture / Tricia David --
4 Evaluating the quality and standards of early years education and care / Jenny Andreae and Peter Matthews --
5 Listening to young children : respecting the voice of the child / Y. Penny Lancaster --
6 The curriculum from birth to six / Bernadette Duffy --
7 Watching and listening : the tools of assessment / Cathy Nutbrown --
8 Diversity, inclusion and learning in the early years / Iram Siraj-Blatchford --
9 Meeting special needs in the early years : an inclusive stance / Sheila Wolfendale and Mary Robinson --
10 Working in multidisciplinary teams / Trevor Chandler --
11 Working with parents / Lucy Draper and Bernadette Duffy --
12 Effective settings : evidence from research / Kathy Sylva and Helen Taylor --
13 Training and workforce issues in the early years / Sue Owen.
|
| 526 |
|
|
|a BIED
|
| 541 |
|
|
|a Complimentary copy from BIED
|e 35238
|
| 650 |
|
0 |
|a Children
|x Services for
|z Great Britain.
|9 33882
|
| 650 |
|
0 |
|a Early childhood education
|z Great Britain.
|9 33883
|
| 650 |
|
0 |
|a Education, Primary.
|9 33884
|
| 700 |
|
|
|a Pugh, Gillian
|9 33885
|
| 700 |
|
|
|a Duffy, Bernadette
|9 33886
|
| 852 |
|
|
|a Ayesha Abed Library
|c BIED Collection
|
| 942 |
|
|
|2 ddc
|c BK
|
| 952 |
|
|
|0 0
|1 0
|2 ddc
|4 0
|6 362_710941000000000_CON
|7 0
|9 66117
|a BRACUL
|b BRACUL
|c GEN
|d 2019-09-04
|e Complimentary copy from BIED
|l 0
|o 362.710941 CON
|p 3010035238
|r 2019-09-04
|t 1
|w 2019-09-04
|y BK
|x Transferred from BIED to General Stacks
|